Programming in ANSI C / (Record no. 61895)

MARC details
000 -LEADER
fixed length control field 00497nam a22001697a 4500
005 - DATE AND TIME OF LATEST TRANSACTION
control field 2012020303323.0
008 - FIXED-LENGTH DATA ELEMENTS--GENERAL INFORMATION
fixed length control field 120203t xxu||||| |||| 00| 0 eng d
020 ## - INTERNATIONAL STANDARD BOOK NUMBER
International Standard Book Number 0074604015
Terms of availability 00.00
035 ## - SYSTEM CONTROL NUMBER
System control number B-30145
040 ## - CATALOGING SOURCE
Original cataloging agency DPL
Language of cataloging ENG
100 ## - MAIN ENTRY--PERSONAL NAME
Personal name Balagurusamy, E.
9 (RLIN) 40692
245 ## - TITLE STATEMENT
Title Programming in ANSI C /
Statement of responsibility, etc by E. Balagurusamy
250 ## - EDITION STATEMENT
Edition statement 2nd ed.
260 ## - PUBLICATION, DISTRIBUTION, ETC. (IMPRINT)
Place of publication, distribution, etc New Delhi
Name of publisher, distributor, etc Tata McGraw-Hill Publishing
Date of publication, distribution, etc 2001
300 ## - PHYSICAL DESCRIPTION
Extent xi, 411p.
Dimensions 22 cms.
942 ## - ADDED ENTRY ELEMENTS (KOHA)
Source of classification or shelving scheme Dewey Decimal Classification
Item type English Books
Classification part 005.1
Call number suffix BAL

No items available.


© Delhi Public Library
Hit Counter
free hit counter